<?xml version="1.0" encoding="UTF-8" ?>
<collection xmlns="http://www.loc.gov/MARC21/slim"><record><leader>00951nam a2200205 c 4500</leader><controlfield tag="001">164540</controlfield><controlfield tag="003">Zü176</controlfield><controlfield tag="005">20170718083359.0</controlfield><datafield tag="035" ind1=" " ind2=" "><subfield code="a">(OCoLC)938794458</subfield></datafield><datafield tag="041" ind1=" " ind2=" "><subfield code="a">ger</subfield></datafield><datafield tag="100" ind1="1" ind2="0"><subfield code="a">Felber, Carl Friedrich </subfield><subfield code="d">1880-1932</subfield></datafield><datafield tag="245" ind1="0" ind2="0"><subfield code="a">Postkarte, Felber &amp; Cie. Wädenswil, Tit. Zürcher Kunstgesellschaft, Sekretariat Kunsthaus, Zürich., Heimplatz</subfield><subfield code="c">Mit vorzüglicher Hochachtung ergebenst felber [...] 30. Oktober 1917.</subfield><subfield code="h">Typoskript</subfield></datafield><datafield tag="260" ind1=" " ind2=" "><subfield code="a">Wädenswil</subfield><subfield code="c">1917</subfield></datafield><datafield tag="300" ind1=" " ind2=" "><subfield code="a">1 Blatt</subfield><subfield code="c">9 x 14 cm</subfield></datafield><datafield tag="500" ind1=" " ind2=" "><subfield code="a">Postkarte wurde in Vertretung von Carl Friedrich Felber durch eine dritte Person verfasst</subfield></datafield><datafield tag="600" ind1="1" ind2="7"><subfield code="a">Felber, Carl Friedrich</subfield><subfield code="d">1880-1932</subfield><subfield code="x">Postkarte</subfield><subfield code="x">Typoskript</subfield><subfield code="2">gnd</subfield></datafield><datafield tag="610" ind1="2" ind2="7"><subfield code="a">Kunsthaus Zürich</subfield><subfield code="x">Ausstellung</subfield><subfield code="x">Geschäftsbrief</subfield><subfield code="2">gnd</subfield></datafield><datafield tag="710" ind1="2" ind2="0"><subfield code="a">Zürcher Kunstgesellschaft</subfield><subfield code="e">Adressat</subfield></datafield><datafield tag="852" ind1="4" ind2="0"><subfield code="a">CH-000273-5</subfield><subfield code="c">10.30.30.163.felber.19171030</subfield></datafield><datafield tag="856" ind1="4" ind2="1"><subfield code="u">https://digital.kunsthaus.ch:443/viewer/image/164540/1/</subfield><subfield code="y">Kunsthaus Zürich Sammlungen online</subfield></datafield></record></collection>